000 00679nam a2200181 a 4500
001 000034439
005 20200930073711.0
008 111004s1974 mx 000 0 spa d
040 _aDO-SdBNP
_bspa
_cBNPHU
082 _axxxx
_bxxxx
100 1 _aPané, Ramón
_955212
245 1 0 _aRelación acerca de las antigüedades de los Indios :
_bel primer tratado escrito en América /
_cFray Ramón Pané ; notas, mapa y apéndice José Juan Arrom.
260 _aMéxico :
_bSiglo xxi,
_c1974.
300 _avii, 125 p. ;
_c19 cm.
504 _aIncluye referencias bibliográficas y notas al pie de las páginas
590 _aInventariado, 2019/BT
700 1 _aArrom, José Juan
_938701
999 _c33930
_d33930